Top 4 most famous hard boulders - Statistics

General Stats
  • This quiz has been taken 32 times
  • The average score is 3 of 16
Answer Stats
Hint Answer % Correct
9a Burden of Dreams
100%
9a Alphane
52%
9a Return of the Sleepwalker
43%
8b+ Dreamtime
26%
9a Megatron
26%
8c Box Therapy
17%
8c Monkey Wedding
13%
8b+ Radja
9%
8c+ Hypnotized Minds
4%
8c+ Terranova
4%
8c Black Eagle
0%
8b+ Coeur de Lion
0%
8c+ Gioia
0%
8c+ Livin Large
0%
8b+ Nanuk
0%
8c Walk Away
0%
No matching quizzes found
Score Distribution
Percent of People with Each Score
Percentile by Number Answered
Your Score History
You have not taken this quiz